[Event "Titled Tuesday intern op 25th Mar Early"]
[Site "Chess.com INT"]
[Date "2025.03.25"]
[Round "4"]
[White "Gnechko, Ruslan"]
[Black "Zhao, Zhouqiao"]
[Result "0-1"]
[WhiteElo "2104"]
[BlackElo "2171"]
[PlyCount "236"]
[EventDate "2025.03.25"]
[EventType "swiss (blitz)"]
[EventRounds "11"]
[EventCountry "USA"]
[SourceTitle "CB14_2025"]
[SourceDate "2024.11.01"]
[SourceVersion "1"]
[SourceVersionDate "2024.11.01"]
[SourceQuality "1"]

1. d4 d5 2. Nf3 Nf6 3. e3 e6 4. c4 Nbd7 5. Nc3 c6 6. b3 Bd6 7. Bb2 0-0 8. Be2 Qe7 9. 0-0 b6 10. Bd3 dxc4 11. bxc4 e5 12. Ne4 Nxe4 13. Bxe4 Bb7 14. dxe5 Nxe5 15. Nxe5 Bxe5 16. Bxh7+ Kxh7 17. Qh5+ Kg8 18. Qxe5 Qxe5 19. Bxe5 Rfe8 20. Bc3 Ba6 21. Rfc1 c5 22. a4 f6 23. a5 b5 24. cxb5 Bxb5 25. Rd1 a6 26. Rd5 Rac8 27. Rad1 Kf7 28. h4 Re4 29. h5 Rc4 30. Ba1 Rh4 31. f3 Ra4 32. Bc3 Ra3 33. Rc1 Ra2 34. e4 Rc7 35. Rd6 Rd7 36. Rb6 Ra4 37. h6 gxh6 38. Rxf6+ Kg8 39. Rxh6 Rc4 40. Kh2 Rd3 41. Bb2 Rxc1 42. Bxc1 c4 43. Rh5 Ra3 44. Bd2 c3 45. Be1 c2 46. Rc5 Ra1 47. Bd2 Bd3 48. e5 Rd1 49. Be3 Kf7 50. g4 Re1 51. Bf4 Rf1 52. Kg3 Be2 53. Rc3 Ke6 54. Bd2 Bd1 55. f4 Rg1+ 56. Kf2 Rxg4 57. Be3 Rh4 58. Rc6+ Kf7 59. Rxa6 Rh2+ 60. Kg3 Re2 61. Bc1 Re1 62. Bd2 Re2 63. Bc1 Re1 64. f5 Bh5 65. Ra7+ Ke8 66. Bg5 Rg1+ 67. Kh4 Rxg5 68. Rc7 Rxf5 69. Rxc2 Rxe5 70. Ra2 Bf3 71. a6 Ba8 72. a7 Re7 73. Kg4 Rf7 74. Ra5 Kd8 75. Rb5 Rxa7 76. Rb8+ Ke7 77. Rb4 Bd5 78. Kf4 Kd6 79. Rb6+ Kc5 80. Rb2 Bc4 81. Rc2 Kd4 82. Rd2+ Bd3 83. Rd1 Rf7+ 84. Kg5 Ke3 85. Re1+ Be2 86. Ra1 Kd4 87. Ra3 Bd3 88. Ra4+ Bc4 89. Rb4 Rf1 90. Ra4 Kc5 91. Ra5+ Kd6 92. Ra4 Bd5 93. Ra5 Ke5 94. Kg4 Rf8 95. Kg3 Ke4 96. Ra4+ Ke3 97. Ra3+ Ke2 98. Kg4 Be6+ 99. Kg5 Rf5+ 100. Kg6 Rf1 101. Ra6 Bc4 102. Ra4 Kd3 103. Ra5 Kd4 104. Kg5 Bd5 105. Ra4+ Ke5 106. Ra5 Rf2 107. Kg4 Rg2+ 108. Kh3 Rg8 109. Kh4 Ke4 110. Ra4+ Kf5 111. Ra5 Ke5 112. Rb5 Kd4 113. Rb4+ Ke3 114. Ra4 Bf3 115. Rb4 Be4 116. Rb6 Rg7 117. Kh5 Kf4 118. Rf6+ Bf5 0-1

[Event "Titled Tuesday intern op 20th Aug Early"]
[Site "Chess.com INT"]
[Date "2024.08.20"]
[Round "3"]
[White "Gnechko, Ruslan"]
[Black "Rosen, Eric S"]
[Result "0-1"]
[WhiteElo "2104"]
[BlackElo "2373"]
[PlyCount "80"]
[EventDate "2024.08.20"]
[EventType "swiss (blitz)"]
[EventRounds "11"]
[EventCountry "USA"]
[SourceTitle "EXT 2025"]
[Source "ChessBase"]
[SourceDate "2024.10.14"]
[SourceVersion "1"]
[SourceVersionDate "2024.10.14"]
[SourceQuality "1"]

1. e4 c5 2. Nf3 Nc6 3. d4 cxd4 4. Nxd4 g6 5. Nc3 Bg7 6. Be3 Nf6 7. Bc4 d6 8. Nxc6 bxc6 9. h3 0-0 10. 0-0 Rb8 11. Bb3 c5 12. Re1 Nd7 13. Rb1 Ba6 14. a3 c4 15. Ba2 Rxb2 16. Rxb2 Bxc3 17. Rb1 Bxe1 18. Qxe1 Qc7 19. Bh6 Rb8 20. Rxb8+ Qxb8 21. Qc3 Nf6 22. g4 Qc8 23. e5 dxe5 24. Qxe5 Qd8 25. g5 Nh5 26. Qc5 Qd1+ 27. Kh2 Qd6+ 28. Qxd6 exd6 29. Kg2 Nf4+ 30. Kf3 Nxh3 31. c3 Ng1+ 32. Ke3 d5 33. Kd4 Bb7 34. Bb1 Ne2+ 35. Kc5 Nxc3 36. Bc2 a5 37. Kd4 Nb5+ 38. Kc5 Nxa3 39. Kb6 Nxc2 40. Kxb7 a4 0-1

[Event "Titled Tuesday intern op 30th Jul Early"]
[Site "Chess.com INT"]
[Date "2024.07.30"]
[Round "1"]
[White "Donchenko, Alexander"]
[Black "Gnechko, Ruslan"]
[Result "1-0"]
[WhiteElo "2633"]
[BlackElo "2104"]
[PlyCount "29"]
[EventDate "2024.07.30"]
[EventType "swiss (blitz)"]
[EventRounds "11"]
[EventCountry "USA"]
[SourceTitle "EXT 2025"]
[Source "ChessBase"]
[SourceDate "2024.10.14"]
[SourceVersion "1"]
[SourceVersionDate "2024.10.14"]
[SourceQuality "1"]

1. Nf3 d5 2. g3 g6 3. Bg2 Bg7 4. d4 Nf6 5. 0-0 0-0 6. c4 c6 7. b3 Bf5 8. Bb2 Ne4 9. e3 a5 10. Qe2 a4 11. cxd5 cxd5 12. Qb5 Qd7 13. bxa4 Rxa4 14. Qb3 Nc6 15. Qxa4 1-0

[Event "Titled Tuesday intern op 23rd Jul Early"]
[Site "Chess.com INT"]
[Date "2024.07.23"]
[Round "6"]
[White "Matveeva, Olga"]
[Black "Gnechko, Ruslan"]
[Result "0-1"]
[WhiteElo "2136"]
[BlackElo "2104"]
[PlyCount "44"]
[EventDate "2024.07.23"]
[EventType "swiss (blitz)"]
[EventRounds "11"]
[EventCountry "USA"]
[SourceTitle "EXT 2025"]
[Source "ChessBase"]
[SourceDate "2024.10.14"]
[SourceVersion "1"]
[SourceVersionDate "2024.10.14"]
[SourceQuality "1"]

1. d4 g6 2. c4 Bg7 3. g3 d6 4. Bg2 f5 5. Nc3 Nf6 6. Nf3 0-0 7. 0-0 c6 8. b3 Nbd7 9. Bb2 h6 10. d5 e5 11. dxe6 Nc5 12. Qc2 Bxe6 13. Rad1 Qe7 14. Nd4 Bf7 15. Rfe1 Rae8 16. e3 Nfe4 17. Nxe4 fxe4 18. b4 Nd3 19. Rxd3 exd3 20. Qxd3 c5 21. bxc5 dxc5 22. Ba3 Bxd4 0-1

[Event "Titled Tuesday intern op 16th Jul Early"]
[Site "Chess.com INT"]
[Date "2024.07.16"]
[Round "1"]
[White "Durarbayli, Vasif"]
[Black "Gnechko, Ruslan"]
[Result "1-0"]
[WhiteElo "2628"]
[BlackElo "2104"]
[PlyCount "41"]
[EventDate "2024.07.16"]
[EventType "swiss (blitz)"]
[EventRounds "11"]
[EventCountry "USA"]
[SourceTitle "EXT 2025"]
[Source "ChessBase"]
[SourceDate "2024.10.14"]
[SourceVersion "1"]
[SourceVersionDate "2024.10.14"]
[SourceQuality "1"]

1. e4 e6 2. d4 d5 3. e5 c5 4. c3 Bd7 5. Nf3 Nc6 6. Be2 Nge7 7. 0-0 cxd4 8. cxd4 Nf5 9. Nc3 Be7 10. Kh1 0-0 11. g4 Nh4 12. Nxh4 Bxh4 13. f4 Qb6 14. Be3 Qxb2 15. Nb5 Nxe5 16. Rb1 Qxa2 17. fxe5 Bxb5 18. Bxb5 a6 19. Bd3 Be7 20. Rxb7 Qa3 21. Bc1 1-0

[Event "Titled Tuesday intern op 09th Jul Early"]
[Site "Chess.com INT"]
[Date "2024.07.09"]
[Round "7"]
[White "Gnechko, Ruslan"]
[Black "Javornik, Nik"]
[Result "0-1"]
[WhiteElo "2104"]
[BlackElo "2180"]
[PlyCount "70"]
[EventDate "2024.07.09"]
[EventType "swiss (blitz)"]
[EventRounds "11"]
[EventCountry "USA"]
[SourceTitle "EXT 2025"]
[Source "ChessBase"]
[SourceDate "2024.10.14"]
[SourceVersion "1"]
[SourceVersionDate "2024.10.14"]
[SourceQuality "1"]

1. e4 c5 2. Nc3 Nc6 3. f4 g6 4. Nf3 Bg7 5. Bb5 Nd4 6. a4 a6 7. Bc4 e6 8. e5 Ne7 9. Ne4 0-0 10. c3 Nxf3+ 11. Qxf3 d5 12. exd6 Nf5 13. d3 Nxd6 14. Nxd6 Qxd6 15. h4 Rb8 16. h5 b5 17. axb5 axb5 18. Bb3 Bb7 19. Qh3 Rfd8 20. hxg6 hxg6 21. Bc2 b4 22. c4 b3 23. Bb1 Ra8 24. Rxa8 Rxa8 25. Qh7+ Kf8 26. 0-0 Qd4+ 27. Kh2 Ke7 28. Qh4+ Bf6 29. Qg4 Ra1 30. Qd1 Rxb1 31. Qxb3 Bc6 32. Be3 Qxe3 33. Rxb1 Qxf4+ 34. Kh1 Qh4+ 35. Kg1 Bd4+ 0-1

[Event "Titled Tuesday intern op 09th Jul Early"]
[Site "Chess.com INT"]
[Date "2024.07.09"]
[Round "9"]
[White "Gnechko, Ruslan"]
[Black "Jodar Arias, Marlon"]
[Result "1-0"]
[WhiteElo "2104"]
[BlackElo "2189"]
[PlyCount "93"]
[EventDate "2024.07.09"]
[EventType "swiss (blitz)"]
[EventRounds "11"]
[EventCountry "USA"]
[SourceTitle "EXT 2025"]
[Source "ChessBase"]
[SourceDate "2024.10.14"]
[SourceVersion "1"]
[SourceVersionDate "2024.10.14"]
[SourceQuality "1"]

1. d4 Nf6 2. c4 g6 3. Nc3 d5 4. cxd5 Nxd5 5. e4 Nxc3 6. bxc3 Bg7 7. Bc4 c5 8. Ne2 Nc6 9. Be3 0-0 10. h4 cxd4 11. cxd4 Qa5+ 12. Kf1 h5 13. Rb1 Qa3 14. Rb3 Qd6 15. e5 Nxe5 16. Bf4 Qd8 17. Bxe5 Bxe5 18. Qd3 Bf5 19. Qe3 Bg7 20. Rxb7 Rc8 21. Bb3 e6 22. f3 Bc2 23. Kf2 Bxb3 24. axb3 a5 25. Rd1 Qxh4+ 26. Kg1 Rc2 27. d5 exd5 28. Rxd5 Ra2 29. Rd1 Rc8 30. Qf4 Qxf4 31. Nxf4 Be5 32. Nd3 Bd4+ 33. Kh2 Rcc2 34. Ne1 Bf2 35. Nxc2 Rxc2 36. Rd8+ Kg7 37. Rdd7 h4 38. Rxf7+ Kh6 39. Rh7+ Kg5 40. Rb5+ Kf6 41. Kh3 Be1 42. Ra7 Rc1 43. Ra6+ Kg7 44. Rb7+ Kh6 45. Rbb6 Bf2 46. Rxg6+ Kh7 47. Rgc6 1-0

[Event "Titled Tuesday intern op 09th Jul Early"]
[Site "Chess.com INT"]
[Date "2024.07.09"]
[Round "11"]
[White "Vasquez Toledo, Cristian"]
[Black "Gnechko, Ruslan"]
[Result "0-1"]
[WhiteElo "2303"]
[BlackElo "2104"]
[PlyCount "115"]
[EventDate "2024.07.09"]
[EventType "swiss (blitz)"]
[EventRounds "11"]
[EventCountry "USA"]
[SourceTitle "EXT 2025"]
[Source "ChessBase"]
[SourceDate "2024.10.14"]
[SourceVersion "1"]
[SourceVersionDate "2024.10.14"]
[SourceQuality "1"]

1. e4 c5 2. Nf3 g6 3. c4 Bg7 4. d4 cxd4 5. Nxd4 Nc6 6. Be3 Nf6 7. Nc3 0-0 8. Be2 d6 9. 0-0 Bd7 10. h3 Nxd4 11. Bxd4 Bc6 12. Qc2 a5 13. Rab1 Nd7 14. Be3 Nc5 15. f3 e6 16. Rfd1 Qe7 17. Bf2 Rad8 18. Bf1 h5 19. b3 Qg5 20. a3 Na6 21. b4 axb4 22. axb4 Nb8 23. b5 Be8 24. Na4 f5 25. exf5 Rxf5 26. Qd2 Qe7 27. Bb6 Rd7 28. Ba7 Rd8 29. c5 d5 30. Bb6 Rc8 31. Bd3 Rf8 32. Re1 Qh4 33. Rb4 Qg3 34. Qf2 Qxf2+ 35. Kxf2 e5 36. Bb1 Nd7 37. Rc1 e4 38. Ke2 exf3+ 39. gxf3 Ne5 40. f4 Nc4 41. Rf1 Bd7 42. Bd3 Rce8+ 43. Kd1 Ne3+ 44. Kd2 Nxf1+ 45. Bxf1 g5 46. Nc3 Bxc3+ 47. Kxc3 Rxf4 48. Rxf4 gxf4 49. Kd3 Re3+ 50. Kd4 Re1 51. Bd3 f3 52. Kxd5 f2 53. Kc4 Bxh3 54. c6 bxc6 55. bxc6 Rc1+ 56. Kd5 Bg2+ 57. Ke5 f1Q 58. Bf2 0-1

[Event "Titled Tuesday intern op 02nd Jul Early"]
[Site "Chess.com INT"]
[Date "2024.07.02"]
[Round "4"]
[White "Brancaleoni, Maurizio"]
[Black "Gnechko, Ruslan"]
[Result "1/2-1/2"]
[WhiteElo "2180"]
[BlackElo "2104"]
[PlyCount "83"]
[EventDate "2024.07.02"]
[EventType "swiss (blitz)"]
[EventRounds "11"]
[EventCountry "USA"]
[SourceTitle "EXT 2025"]
[Source "ChessBase"]
[SourceDate "2024.10.14"]
[SourceVersion "1"]
[SourceVersionDate "2024.10.14"]
[SourceQuality "1"]

1. Nf3 d5 2. d4 Nf6 3. c4 e6 4. g3 Be7 5. Bg2 0-0 6. Qc2 c6 7. 0-0 b6 8. Nbd2 Ba6 9. b3 Nbd7 10. e4 Rc8 11. Bb2 c5 12. exd5 exd5 13. Rfd1 cxd4 14. Nxd4 b5 15. Nf5 bxc4 16. bxc4 Bxc4 17. Qa4 Nb6 18. Qxa7 Bc5 19. Qa5 Ng4 20. Bd4 Bxd4 21. Nxd4 Qf6 22. N2f3 Ra8 23. Qd2 h6 24. a3 Rfe8 25. Re1 Rxe1+ 26. Qxe1 h5 27. h3 Nh6 28. Qe5 Qxe5 29. Nxe5 Re8 30. f4 f6 31. Nec6 Nf7 32. a4 Nd7 33. a5 Nc5 34. Nf5 g6 35. Nfd4 Kg7 36. Ra3 Re1+ 37. Kh2 Rd1 38. Re3 Rd2 39. Kg1 Rd1+ 40. Kh2 Rd2 41. Kg1 Rd1+ 42. Kh2 1/2-1/2

[Event "Titled Tuesday intern op 02nd Jul Early"]
[Site "Chess.com INT"]
[Date "2024.07.02"]
[Round "9"]
[White "Gnechko, Ruslan"]
[Black "Turzo, Attila"]
[Result "0-1"]
[WhiteElo "2104"]
[BlackElo "2278"]
[PlyCount "88"]
[EventDate "2024.07.02"]
[EventType "swiss (blitz)"]
[EventRounds "11"]
[EventCountry "USA"]
[SourceTitle "EXT 2025"]
[Source "ChessBase"]
[SourceDate "2024.10.14"]
[SourceVersion "1"]
[SourceVersionDate "2024.10.14"]
[SourceQuality "1"]

1. d4 Nf6 2. Nf3 e6 3. Bg5 c5 4. e3 cxd4 5. exd4 h6 6. Bh4 b6 7. Bd3 Bb7 8. 0-0 Be7 9. Nbd2 0-0 10. Re1 d6 11. c3 Nbd7 12. a4 a6 13. Qe2 Re8 14. h3 Bf8 15. Ne4 Be7 16. Ned2 Bf8 17. Bg3 g6 18. Bh2 Qc7 19. Nc4 Rac8 20. Ne3 Ra8 21. Nd2 Nd5 22. Nxd5 Bxd5 23. Bxa6 e5 24. dxe5 dxe5 25. Bb5 Bg7 26. Nc4 Re7 27. Rad1 Bc6 28. Nd6 Nc5 29. Qc4 Rd8 30. Bxc6 Qxc6 31. Nb5 Rc8 32. Rd6 Qb7 33. Red1 Kh7 34. Rd8 Re8 35. Rxe8 Rxe8 36. Bg3 Ne4 37. Nd6 Nxd6 38. Rxd6 e4 39. Rd1 e3 40. fxe3 Rxe3 41. Bf2 Re6 42. Qb5 Qe4 43. Rd7 Qf4 44. Rd1 Be5 0-1

[Event "Titled Tuesday intern op 02nd Jul Early"]
[Site "Chess.com INT"]
[Date "2024.07.02"]
[Round "2"]
[White "Rodriguez Lopez, David"]
[Black "Gnechko, Ruslan"]
[Result "1-0"]
[WhiteElo "2191"]
[BlackElo "2104"]
[PlyCount "45"]
[EventDate "2024.07.02"]
[EventType "swiss (blitz)"]
[EventRounds "11"]
[EventCountry "USA"]
[SourceTitle "EXT 2025"]
[Source "ChessBase"]
[SourceDate "2024.10.14"]
[SourceVersion "1"]
[SourceVersionDate "2024.10.14"]
[SourceQuality "1"]

1. e4 c5 2. c3 Nf6 3. e5 Nd5 4. d4 cxd4 5. Nf3 d6 6. cxd4 Nc6 7. Bc4 e6 8. 0-0 Be7 9. Qe2 0-0 10. Nc3 Nxc3 11. bxc3 dxe5 12. dxe5 Qc7 13. Bd3 b6 14. Re1 Bb7 15. Qe4 g6 16. Qg4 Rfd8 17. Bc2 Nb4 18. Bxg6 hxg6 19. cxb4 Bxf3 20. Qxf3 Bxb4 21. Bg5 Bxe1 22. Rxe1 Rd4 23. Qxa8+ 1-0

[Event "Titled Tuesday intern op 18th Jun Early"]
[Site "Chess.com INT"]
[Date "2024.06.18"]
[Round "10"]
[White "Ilamparthi, AR."]
[Black "Gnechko, Ruslan"]
[Result "0-1"]
[WhiteElo "2446"]
[BlackElo "2104"]
[PlyCount "110"]
[EventDate "2024.06.18"]
[EventType "swiss (blitz)"]
[EventRounds "11"]
[EventCountry "USA"]
[SourceTitle "EXT 2025"]
[Source "ChessBase"]
[SourceDate "2024.10.14"]
[SourceVersion "1"]
[SourceVersionDate "2024.10.14"]
[SourceQuality "1"]

1. d4 d5 2. Nf3 Nf6 3. Bf4 c5 4. e3 Nc6 5. Nbd2 cxd4 6. exd4 Bg4 7. c3 e6 8. Qb3 Qc8 9. h3 Bxf3 10. Nxf3 Be7 11. Bd3 0-0 12. 0-0 a6 13. Rae1 b5 14. Re3 Na5 15. Qc2 Nc4 16. Re2 b4 17. cxb4 Bxb4 18. b3 Nd6 19. a3 Qxc2 20. Rxc2 Bxa3 21. Ra1 Nb5 22. Bxb5 axb5 23. Rca2 b4 24. Bd6 Rac8 25. Bxf8 Kxf8 26. Re2 Ne4 27. Ne5 Rc3 28. Re3 Rc2 29. Rf3 f6 30. Nd3 Nd2 31. Re3 Nxb3 32. Rb1 Nd2 33. Rd1 Ne4 34. Nf4 Kf7 35. f3 Nc3 36. Rde1 Bc1 37. Rxe6 Bxf4 38. Re7+ Kg6 39. Rb7 Bg3 40. Ra1 Ne2+ 41. Kh1 Rb2 42. h4 b3 43. h5+ Kh6 44. f4 Nxf4 45. Rf1 Nxh5 46. Rb5 Nf4 47. Kg1 Ne2+ 48. Kh1 Nf4 49. Kg1 g5 50. Rb6 Kg6 51. Kh1 h5 52. Rc6 h4 53. Rb6 h3 54. gxh3 Rh2+ 55. Kg1 Ne2# 0-1

[Event "Titled Tuesday intern op 04th Jun Early"]
[Site "Chess.com INT"]
[Date "2024.06.04"]
[Round "4"]
[White "Cogan, Nicolas"]
[Black "Gnechko, Ruslan"]
[Result "0-1"]
[WhiteElo "2112"]
[BlackElo "2104"]
[PlyCount "72"]
[EventDate "2024.06.04"]
[EventType "swiss (blitz)"]
[EventRounds "11"]
[EventCountry "USA"]
[SourceTitle "EXT 2025"]
[Source "ChessBase"]
[SourceDate "2024.10.14"]
[SourceVersion "1"]
[SourceVersionDate "2024.10.14"]
[SourceQuality "1"]

1. d4 d5 2. c4 e6 3. Nc3 h6 4. cxd5 exd5 5. Bf4 Nf6 6. Qc2 c6 7. e3 Bd6 8. Bg3 0-0 9. Bd3 Re8 10. Nge2 a5 11. 0-0 Na6 12. a3 Nc7 13. h3 Bxg3 14. Nxg3 Qd6 15. Nf5 Bxf5 16. Bxf5 Ne6 17. Na4 Ng5 18. Nc5 Re7 19. b4 g6 20. Bd3 Kg7 21. b5 Nge4 22. Bxe4 Nxe4 23. Nxe4 Rxe4 24. bxc6 bxc6 25. Rfc1 Re6 26. Qc5 Qd8 27. Rab1 g5 28. Rb6 Rc8 29. Ra6 g4 30. hxg4 Qh4 31. Qxa5 Qxg4 32. Qd2 Rg6 33. g3 h5 34. Qd1 Qf5 35. Kg2 h4 36. Qf3 h3+ 0-1

[Event "Titled Tuesday intern op 28th May Early"]
[Site "Chess.com INT"]
[Date "2024.05.28"]
[Round "5"]
[White "Varriale, Luca"]
[Black "Gnechko, Ruslan"]
[Result "0-1"]
[WhiteElo "2175"]
[BlackElo "2114"]
[PlyCount "134"]
[EventDate "2024.05.28"]
[EventType "swiss (blitz)"]
[EventRounds "11"]
[EventCountry "USA"]
[SourceTitle "EXT 2025"]
[Source "ChessBase"]
[SourceDate "2024.10.14"]
[SourceVersion "1"]
[SourceVersionDate "2024.10.14"]
[SourceQuality "1"]

1. e4 c6 2. Nf3 d5 3. Nc3 Bg4 4. h3 Bxf3 5. Qxf3 e6 6. Be2 g6 7. 0-0 Bg7 8. d3 Ne7 9. Bg5 Nd7 10. Rfe1 h6 11. Bxe7 Qxe7 12. exd5 cxd5 13. Nxd5 exd5 14. Bf1 Ne5 15. Qe2 0-0 16. d4 Rfe8 17. dxe5 Bxe5 18. Rad1 Qd6 19. g3 Re7 20. Bg2 Bf6 21. Qb5 Rxe1+ 22. Rxe1 Rd8 23. Qxb7 Rb8 24. Qxd5 Qa6 25. b3 Qxa2 26. Be4 Kg7 27. Bd3 Rd8 28. Qb7 Qa5 29. Re2 Qd5 30. Qxa7 Rd7 31. Qe3 Bd4 32. Qe4 Qg5 33. Kg2 h5 34. h4 Qc5 35. Bc4 Bf6 36. Re3 Rd2 37. Rf3 Qc7 38. Bd3 Qd6 39. Qf4 Qxf4 40. Rxf4 Rd1 41. Kf3 Rb1 42. Re4 Bc3 43. Re2 f5 44. Ke3 Kf6 45. Bc4 Rd1 46. Bd3 Rb1 47. Kf3 Rd1 48. Bb5 Rb1 49. Bc4 Rd1 50. Kg2 Rc1 51. Bd3 Rd1 52. Kf3 Rb1 53. Re8 Rd1 54. Rd8 Rc1 55. Rd6+ Kg7 56. Ke2 Re1+ 57. Kf3 Rc1 58. Rc6 Bd4 59. Kf4 Bxf2 60. c4 Rg1 61. Be2 Bxg3+ 62. Ke3 Bxh4 63. b4 Bg5+ 64. Kd3 Rb1 65. b5 Rb3+ 66. Kd4 Be3+ 67. Kd5 h4 0-1

[Event "Titled Tuesday intern op 21st May Early"]
[Site "Chess.com INT"]
[Date "2024.05.21"]
[Round "5"]
[White "Subramanian, Anusha"]
[Black "Gnechko, Ruslan"]
[Result "1-0"]
[WhiteElo "2033"]
[BlackElo "2114"]
[PlyCount "109"]
[EventDate "2024.05.21"]
[EventType "swiss (blitz)"]
[EventRounds "11"]
[EventCountry "USA"]
[SourceTitle "CBM 220 Extra"]
[Source "ChessBase"]
[SourceDate "2024.07.31"]
[SourceVersion "1"]
[SourceVersionDate "2024.07.31"]
[SourceQuality "1"]

1. c4 e6 2. Nc3 d5 3. cxd5 exd5 4. d4 c6 5. Nf3 Bf5 6. g3 Bd6 7. Bg2 Nf6 8. 0-0 h6 9. a3 a5 10. Ne5 Nbd7 11. Bf4 Qe7 12. Nxd7 Qxd7 13. Bxd6 Qxd6 14. Re1 0-0 15. e4 dxe4 16. Nxe4 Bxe4 17. Bxe4 Rfd8 18. Qb3 Qxd4 19. Rad1 Qa7 20. Bg6 Nd5 21. Be4 a4 22. Qc4 Nf6 23. Bg6 Rd5 24. Be4 Nxe4 25. Qxe4 Rad8 26. Rxd5 Rxd5 27. Qe8+ Kh7 28. Qxf7 Qd4 29. Qxb7 Rf5 30. Rf1 Rb5 31. Qxc6 Rxb2 32. Qf3 Kg8 33. Rc1 Qd7 34. Rd1 Rd2 35. Rxd2 Qxd2 36. Qa8+ Kh7 37. Qxa4 Qe1+ 38. Kg2 Qe5 39. Qf4 Qd5+ 40. Qf3 Qa2 41. h4 Kh8 42. h5 Qa1 43. g4 Qa2 44. Kg3 Qc4 45. Qa8+ Kh7 46. f3 Qc7+ 47. Kh3 Qc3 48. a4 Qa1 49. Kg2 Qb2+ 50. Kg3 Qe5+ 51. Kf2 Qd4+ 52. Ke2 Qc4+ 53. Ke3 Qc3+ 54. Kf4 Qd4+ 55. Qe4+ 1-0

[Event "RUS Cup tt"]
[Site "Sochi"]
[Date "2023.12.02"]
[Round "6.8"]
[White "Gnechko, Ruslan"]
[Black "Zarubitski, Viachaslau"]
[Result "0-1"]
[WhiteElo "2094"]
[BlackElo "2419"]
[PlyCount "76"]
[EventDate "2023.11.27"]
[EventType "team-swiss"]
[EventRounds "7"]
[EventCountry "RUS"]
[SourceTitle "CBM 217 Extra"]
[Source "ChessBase"]
[SourceDate "2024.01.31"]
[SourceVersion "1"]
[SourceVersionDate "2024.01.31"]
[SourceQuality "1"]
[WhiteTeam "Donetsk"]
[BlackTeam "Belarus"]
[WhiteTeamCountry "RUS"]
[BlackTeamCountry "BLR"]

1. c4 Nf6 2. Nc3 g6 3. e4 d6 4. g3 Bg7 5. Bg2 e5 6. Nge2 Be6 7. d3 Qc8 8. h3 0-0 9. Be3 Re8 10. Qd2 a6 11. g4 c5 12. Nd5 Nfd7 13. Bh6 Nc6 14. h4 Qd8 15. Bxg7 Kxg7 16. Ne3 Nd4 17. Ng3 Nf6 18. f3 h6 19. Kf2 b5 20. g5 hxg5 21. hxg5 Nh7 22. Nd5 Bxd5 23. exd5 Nxg5 24. Ne4 Nxe4+ 25. dxe4 Qf6 26. Qh6+ Kg8 27. cxb5 axb5 28. Rh4 b4 29. Rah1 c4 30. Qd2 c3 31. bxc3 bxc3 32. Qh6 Rxa2+ 33. Kg3 Ne2+ 34. Kg4 Qf4+ 35. Qxf4 Nxf4 36. Bf1 Kf8 37. Kg5 Ke7 38. R4h2 Rea8 0-1

[Event "Titled Tuesday intern op 19th Sep Early"]
[Site "Chess.com INT"]
[Date "2023.09.19"]
[Round "2"]
[White "Gnechko, Ruslan"]
[Black "Domingo Nunez, Ruben"]
[Result "0-1"]
[WhiteElo "2094"]
[BlackElo "2417"]
[PlyCount "108"]
[EventDate "2023.09.19"]
[EventType "swiss (blitz)"]
[EventRounds "11"]
[EventCountry "USA"]
[SourceTitle "EXT 2024"]
[Source "ChessBase"]
[SourceDate "2023.10.10"]
[SourceVersion "1"]
[SourceVersionDate "2023.10.10"]
[SourceQuality "1"]

1. e4 g6 2. d4 Bg7 3. c3 c6 4. Bd3 d5 5. Nd2 dxe4 6. Nxe4 Nf6 7. Nxf6+ exf6 8. Ne2 0-0 9. h4 h5 10. Be3 a5 11. Qc2 Na6 12. Nf4 Nc7 13. Bxg6 fxg6 14. Qxg6 Qe8 15. Qxe8 Rxe8 16. Nxh5 Nd5 17. Kd2 Bg4 18. Nxg7 Kxg7 19. Rae1 Nxe3 20. Rxe3 Rxe3 21. fxe3 Be6 22. a3 Bd5 23. Rh3 Kf7 24. g4 Rg8 25. Rg3 Rh8 26. h5 Rg8 27. Ke2 Rg5 28. Kf2 f5 29. gxf5 Rxf5+ 30. Ke2 Bc4+ 31. Kd2 Rf2+ 32. Kc1 Bd3 33. b4 a4 34. h6 Bg6 35. Kd1 Ra2 36. Rf3+ Kg8 37. Rf6 Kh7 38. Rd6 Rxa3 39. Rd7+ Kxh6 40. Rxb7 Ra1+ 41. Kd2 a3 42. b5 cxb5 43. Rxb5 a2 44. Ra5 Rg1 45. c4 a1Q 46. Rxa1 Rxa1 47. d5 Kg5 48. Kc3 Kf5 49. Kd4 Rd1+ 50. Kc5 Ke5 51. Kc6 Bf7 52. e4 Kxe4 53. d6 Bxc4 54. d7 Be6 0-1

[Event "Titled Tuesday intern op 25th Jul Early"]
[Site "Chess.com INT"]
[Date "2023.07.25"]
[Round "1"]
[White "Madaminov, Mukhiddin"]
[Black "Gnechko, Ruslan"]
[Result "1-0"]
[WhiteElo "2471"]
[BlackElo "2094"]
[PlyCount "99"]
[EventDate "2023.07.25"]
[EventType "swiss (blitz)"]
[EventRounds "11"]
[EventCountry "USA"]
[SourceTitle "EXT 2024"]
[Source "ChessBase"]
[SourceDate "2023.10.10"]
[SourceVersion "1"]
[SourceVersionDate "2023.10.10"]
[SourceQuality "1"]

1. e4 e6 2. d4 d5 3. Nc3 dxe4 4. Nxe4 Nd7 5. Nf3 Ngf6 6. Nxf6+ Nxf6 7. c3 Be7 8. Bd3 0-0 9. 0-0 b6 10. Qe2 Bb7 11. Bf4 c5 12. dxc5 Bxc5 13. Rad1 Qc8 14. Be5 Be7 15. Bd4 Rd8 16. h3 Qc7 17. Rfe1 Rac8 18. Ne5 Bc5 19. Bxc5 Qxc5 20. Bc2 Qc7 21. Bb3 Rxd1 22. Rxd1 Bd5 23. c4 Ba8 24. Qd2 h6 25. Qd4 Qb7 26. f3 Qc7 27. Bc2 Qc5 28. Qxc5 bxc5 29. Nd7 Bc6 30. Nxc5 g5 31. b4 a5 32. a3 axb4 33. axb4 Kg7 34. Kf2 Nh5 35. g3 Nf6 36. Ke3 h5 37. h4 g4 38. f4 Kf8 39. Ra1 Bf3 40. f5 exf5 41. Bxf5 Re8+ 42. Kf4 Be2 43. Rc1 Rd8 44. b5 Rd4+ 45. Ke5 Rxc4 46. Rxc4 Bxc4 47. Kxf6 Bxb5 48. Nd7+ Kg8 49. Ne5 Bc4 50. Nxc4 1-0

[Event "Titled Tuesday intern op 27th Jun Early"]
[Site "Chess.com INT"]
[Date "2023.06.27"]
[Round "3"]
[White "Gnechko, Ruslan"]
[Black "Aldokhin, Ivan"]
[Result "0-1"]
[WhiteElo "2132"]
[BlackElo "2413"]
[PlyCount "50"]
[EventDate "2023.06.27"]
[EventType "swiss (blitz)"]
[EventRounds "11"]
[EventCountry "USA"]
[SourceTitle "EXT 2024"]
[Source "ChessBase"]
[SourceDate "2023.10.10"]
[SourceVersion "1"]
[SourceVersionDate "2023.10.10"]
[SourceQuality "1"]

1. d4 Nf6 2. c4 g6 3. Nf3 Bg7 4. g3 d6 5. Bg2 0-0 6. 0-0 Nbd7 7. Nc3 e5 8. Qc2 exd4 9. Nxd4 Re8 10. Rd1 a6 11. h3 Rb8 12. a4 Ne5 13. b3 Qe7 14. Bg5 c6 15. Ne4 Ned7 16. Rac1 h6 17. Nxf6+ Nxf6 18. Bf4 Nh5 19. Be3 Nxg3 20. Bxc6 Bxd4 21. Bxe8 Bxe3 22. Bxf7+ Kxf7 23. fxe3 Qxe3+ 24. Kg2 Bf5 25. Qd2 Be4+ 0-1